| 000 | 01226nam a22003017a 4500 | ||
|---|---|---|---|
| 003 | OSt | ||
| 005 | 20260416143323.0 | ||
| 008 | 170801b1996 xxu||||| |||| 00| 0 spa d | ||
| 020 | _a9580425078 | ||
| 040 |
_aUnicoc _bspa _c00001 _d00001 |
||
| 082 | _a650.19 F47s1 1996 | ||
| 100 |
_96077 _aFisher, Roger _d1922- |
||
| 245 |
_aSí ... de acuerdo : _bcomo negociar sin ceder / _cRoger Fisher y William Ury con Bruce M. Patton ; traducción Eloisa Vasco Montoya y Adriana de Hassan. |
||
| 260 |
_aBogota : _bEditorial Norma, _c1996. |
||
| 300 |
_axix, 228 p. ; _c21 cm. |
||
| 505 |
_tI. El problema. -- _tII. El método. -- _tIII. Si, pero... -- |
||
| 526 | _5Unicoc | ||
| 546 | _aEspañol | ||
| 650 | 0 |
_96078 _aNegocios. |
|
| 650 | 0 |
_96079 _aPsicología industrial. |
|
| 650 | 0 |
_95316 _aIngeniería industrial |
|
| 700 |
_96080 _aUry, William. |
||
| 700 |
_96082 _aVasco Montoya, Eloísa del Socorro, _d1937-, _etr. |
||
| 700 |
_96081 _aPatton, Bruce M. |
||
| 700 |
_96083 _aHassan, Adriana de _etr. |
||
| 856 |
_yAcceso online exclusivo para comunidad Unicoc. _uhttps://unicoceduco-my.sharepoint.com/:b:/g/personal/direccionbiblioteca_unicoc_edu_co/IQC1ZIYs9xRyRoVcWqruuArwAfQZcMD0e_X_f9Wpjj29cLQ |
||
| 942 |
_2ddc _cLIBROS |
||
| 999 |
_c8427 _d8427 |
||